Conceptos de matemática moderna

Saved in:
Bibliografiske detaljer
Hovedforfatter: Stewart, Ian (Author)
Format: Bog
Sprog:spansk
Udgivet: Madrid Alianza Editorial 1984
Fag:
Tags: Tilføj Tag
Ingen Tags, Vær først til at tagge denne postø!

MARC

LEADER 00000nam a2200000 a 4500
001 UCH2277
003 CL-VaPUC
008 090604e19840000SP |||||||||||||||||spa|d
020 |a 8420621870 
082 0 4 |a 510  |b STE  |2 21 
100 0 |a Stewart, Ian  |e author  |9 536993 
245 1 0 |a Conceptos de matemática moderna 
300 |a 340 p 
942 |c BK 
945 |d 20090604 00:00:00  |a dcastane 
260 |a Madrid  |b Alianza Editorial  |c 1984 
650 0 |a Matemática  |9 260235 
583 |a last modification  |c 20090604 00:00:00  |k Rodrigo Vera 
999 |c 334062  |d 334060